| 000 | 02377 a2200217 4500 | ||
|---|---|---|---|
| 001 | 43816 | ||
| 005 | 20260407155719.0 | ||
| 008 | 260407a1967 arg spa d | ||
| 003 | AR-UNSa-BCEJYS | ||
| 040 |
_aAR-UNSa-BCEJYS _bspa _cAR-UNSa-BCEJYS |
||
| 080 |
_a330.1 _xCiencia económica. Conceptos fundamentales de teoría económica. Valor. Capital. Fondos |
||
| 245 | 1 | 0 | _aTeoría económica |
| 250 | _a6a. ed. | ||
| 264 | 1 |
_aMadrid : _bAguilar _c1967 |
|
| 300 |
_a3 v. (512 ; 319 ; 409 p.) _c21 cm. |
||
| 505 | _aVol. I: Parte I: Teoría de la circulación económica: 1. Proceso productivo y orden económico - 2. La cuenta de patrimonio de las unidades económicas en la economía de tráfico - 3. Resultado del desarrollo temporal del proceso económico en una economía de tráfico cerrada sin actividad estatal - 4. Resultado del desarrollo temporal del proceso económico en una economía de tráfico abierta sin actividad estatal - 5. Resultado del desarrollo temporal del proceso económico en una economía de tráfico con actividad del Estado - 6.Contabilidad nacional - Parte II: Plan económico y equilibrio: 1. El pla económico de la unidad económica de consumo - 2. El plan económico de la empresa de producción - 3. Estática y dinámica en la teoría económica - 4. El problema del equilibrio en una economía cerrada -- Vol. II: Parte III: Teoría del dinero, del crédito, de la renta nacional y de la ocupación: 1. Los medios de pago en la economía actual - 2. Creación y destrucción del dinero - 3. Determinantes de la renta nacional y de sus fluctuaciones -- Vol. III: Parte IV: Capítulos escogidos de la historia de las doctrinas económicas: 1. Etapas del desarrollo de la teoría de la circulación - 2. Etapas del desarrollo de la teoría de los precios y de la teoría del equilibrio económico hasta 1870 - 3. El nacimiento del marginalismo - 4. Los orígenes del marginalismo - 5. Nueva orientación de la teoría de los precios por la teoría subjetiva del valor - 6. La escuela histórica alemana y la controversia del método - 7. La evolución de la teoría en Inglaterra por influjo de Alfred Marshall - 8. Etapas del desarrollo de la teoría de las formas de mercado y de las formas de comportamiento económico. | ||
| 041 | _aspa | ||
| 942 | _cBK | ||
| 590 | _aniveau_biblio:m niveau_hierar:0 | ||
| 100 | 1 | _aSchneider, Erich | |
| 999 |
_c3724 _d3724 |
||